kku e-library facility

Heinemann Advanced Science Physics (Record no. 215)

MARC details
000 -LEADER
fixed length control field 00396nam a22001337a 4500
005 - DATE AND TIME OF LATEST TRANSACTION
control field 20260413103649.0
008 - FIXED-LENGTH DATA ELEMENTS--GENERAL INFORMATION
fixed length control field 260413b |||||||| |||| 00| 0 eng d
020 ## - INTERNATIONAL STANDARD BOOK NUMBER
International Standard Book Number 0 435 57078 1
100 ## - MAIN ENTRY--PERSONAL NAME
Personal name Fullick Patrick
245 ## - TITLE STATEMENT
Title Heinemann Advanced Science Physics
Statement of responsibility, etc. / Patrick Fullick
260 ## - PUBLICATION, DISTRIBUTION, ETC.
Place of publication, distribution, etc. Oxford;
Name of publisher, distributor, etc. Heinemann Educational Publishers;
Date of publication, distribution, etc. 1994
300 ## - PHYSICAL DESCRIPTION
Extent vii,589p.ill;
Dimensions 26.2cm
942 ## - ADDED ENTRY ELEMENTS (KOHA)
Source of classification or shelving scheme Dewey Decimal Classification
Koha item type Books
Suppress in OPAC No

No items available.

©2025 All rights reserved. KKU